00938nam a2200193 a 450000100100000000500170001000800410002704000250006824501890009326001100028230000270039249000650041950000730048470000200055770000250057770000270060271000520062983000630068100004169120201002035714.0130502s1997 sp 000 0 spa d aDO-SdBNPbspacBNPHU03aLos "Ejemplares tipo" de las colecciones malacológicas del Museo Nacional de Ciencias Naturales /cMiguel Villena ... [et al.] ; editores Jorge Morales Romero, Ángel Guerra Sierra. aMadrid :bMuseo Nacional de Ciencias NaturalesbConsejo Superior de Investigaciones Científicas,c1997. a170 p. :bil. ;c24cm.1 aMonografías del Museo Nacional de Ciencias Naturales ;v13 aIncluye referencias bibliográficas y notas al pie de las páginas1 aVillena, Miguel1 aMorales Romero,Jorge1 aGuerra Sierra, Ángel2 aMuseo Nacional de Ciencias Naturales (España) 0aMonografías del Museo Nacional de Ciencias Naturalesv13